| 000 | 00676cam a2200229 4500 | ||
|---|---|---|---|
| 008 | 000000n2000 000 0 eng u | ||
| 020 | _a186081445X | ||
| 035 | _a(Sirsi) u110219 | ||
| 041 | _aENG | ||
| 050 | _a690.0285 | ||
| 110 |
_aBuilding Centre Trust _93162 |
||
| 245 | _aDesign development and co-ordination using the singel-building model: Buro Happold Consulting Engineers | ||
| 260 |
_aLondon _bCRC Ltd _c2000 |
||
| 300 | _a8p. ; 30cm. | ||
| 490 |
_aIT Case Study _v22 |
||
| 650 | _aIT | ||
| 650 | _aDESIGN | ||
| 650 | _aCAD | ||
| 690 | _aMANAGEMENT-BUSINESS MANAGEMENT-INFORMATION MANAGEMENT | ||
| 710 | _aBuilding Research Establishment | ||
| 942 | _n0 | ||
| 999 |
_c101079 _d101079 |
||